000 00697nam a2200217 a 4500
001 000008117
005 20200929154437.0
008 090915s1985 mx a 000 0 spa d
020 _a9684180020
040 _aDO-SdBNP
_bspa
_cBNPHU
100 1 _aMilne, Lorus J.
_922033
240 1 0 _aThe mountains
_lspa
245 1 0 _aLas montañas /
_cLorus J. Milne, Margery Milne ; traductor Victorino Pérez.
250 _a2a ed.
260 _aMéxico :
_bEdiciones Culturales Internacionales,
_c1985.
300 _a192 p. :
_bil. ;
_c28 cm.
500 _aTraducido del idioma inglés
504 _aBbibliografía : p. 188-192
700 1 _aMilne, Margery
_922034
700 1 _aPérez, Victorino,
_etr.
_922035
999 _c7894
_d7894